00659nam a2200205 i 4500001000700000003000900007005001700016007000300033008004100036080002100077100002200098245008900120260004300209300002300252490002900275500005900304700002600363830002900389852003500418110906ES-MaACL20230906185212.0t|040429s1917 sp ||||1| spa d a821.133.1-22"19"1 aBernard, Tristan.10aPetit café b: comedia en tres actos y en prosa / coriginal de Tristán Bernard. a[Madrid : bLa Novela Teatral, c1917] a[48] p. ; c20 cm.1 aLa novela teatral ; v47 aCaricatura de La Fornarina, por Tovar, en la cubierta.0 aTovar c, ilustrador.0 aLa novela teatral ; v47 aES-MaACLj2214-F-32 bR.138701